|
|
|
|
| LEADER |
00000naa2a2200000 4500 |
| 001 |
139194 |
| 005 |
20231031141650.0 |
| 035 |
|
|
|a (RuTPU)RU\TPU\book\150801
|
| 090 |
|
|
|a 139194
|
| 100 |
|
|
|a 20080604d2005 k y0rusy50 ca
|
| 101 |
0 |
|
|a rus
|
| 102 |
|
|
|a RU
|
| 200 |
1 |
|
|a Управленческий анализ инфраструктуры подразделения в рамках корпорации
|f Л. В. Ананова
|
| 320 |
|
|
|a Библиогр.: 1 назв.
|
| 463 |
|
0 |
|0 (RuTPU)RU\TPU\book\118298
|t Актуальные проблемы гуманитарных наук
|o труды IV международной научно-практической конференции студентов, аспирантов и молодых ученых, 20-21 апреля 2005, Томск
|f Томский политехнический университет
|v С. 138-139
|d 2005
|p 458 с.
|
| 610 |
1 |
|
|a корпорации
|
| 610 |
1 |
|
|a инфраструктура
|
| 610 |
1 |
|
|a подразделения
|
| 610 |
1 |
|
|a управление
|
| 610 |
1 |
|
|a анализ
|
| 610 |
1 |
|
|a труды учёных ТПУ
|
| 700 |
|
1 |
|a Ананова
|b Л. В.
|
| 801 |
|
1 |
|a RU
|b 63413507
|c 20080604
|g PSBO
|
| 942 |
|
|
|c BK
|